Čo chystajú v Košickom okrese

Bibliographic Details
Main Author: red (Author)
Format: Article
Language:Slovak
Subjects:

MARC

LEADER 00000nab a2200000u 4500
001 vtls012256844
003 SK-MaSNL
005 20260303225250.0
008 240527|19580214xo ||||||| ||00 ||slo|
038 |a KEVKJB 
040 |a KEVKJB  |b slo  |e rda 
041 0 |a slo 
043 |a e-xo--- 
044 |a xo  |c SK 
072 7 |a 334  |x Formy organizácie a spolupráce v ekonomike  |2 konspekt 
080 |a 334.73  |2 2011 
100 1 |a red.  |4 aut  |9 848321 
245 1 0 |a Čo chystajú v Košickom okrese  |c [autor] red. 
336 |a text  |b txt  |2 rdacontent 
337 |a bez média  |b n  |2 rdamedia 
338 |a zväzok  |b nc  |2 rdacarrier 
650 0 7 |a družstevníctvo  |2 SNKPH  |9 2134 
650 0 7 |a družstvá  |2 SNKPH  |9 2107 
651 7 |a Čaňa (Slovensko)  |2 SNKPHgeo  |9 28954 
651 7 |a Gyňov (Slovensko)  |2 SNKPHgeo  |9 30223 
651 7 |a Malá Vieska (Družstevná pri Hornáde, Slovensko)  |2 SNKPHgeo  |9 88579 
651 7 |a Košice-okolie (Slovensko : okres)  |2 SNKPHgeo  |9 146743 
773 0 |t Východoslovenské noviny  |g Roč. I. (VII.), č. 6 (14.2.1958), s. 4 
852 |a KEVKJB  |b KIS3GCP 
999 |c 2256413  |d 2258343